000 00509nam a2200133 a 4500
001 000032116
005 20200930063438.0
008 110712s1983 dr 000 0 spa d
040 _aDO-SdBNP
_bspa
_cBNPHU
111 1 _aJornada científica Dr. José de Jesús Jiménez Almonte
_n(4-6 de agosto
_cSantiago de los Caballeros, República Dominicana )
_958233
245 1 0 _aEcosistemas de la República Dominicana.
260 _aSanto Domingo :
_bEditorial CENAPEC,
_c[1983].
300 _a197 p. :
_bil., map. ;
_c21 cm.
999 _c31607
_d31607